<?xml version="1.0" encoding="UTF-8"?>
<collection xmlns:xsi="http://www.w3.org/2001/XMLSchema-instance" xsi:schemaLocation="http://www.loc.gov/MARC21/slim http://www.loc.gov/standards/marcxml/schema/MARC21slim.xsd" xmlns="http://www.loc.gov/MARC21/slim">
 <record>
  <leader>00000caa a22000003a 4500</leader>
  <controlfield tag="001">UP-8027390931312519048</controlfield>
  <controlfield tag="003">Buklod</controlfield>
  <controlfield tag="005">20200327140723.0</controlfield>
  <controlfield tag="006">o--- |     ||   ||</controlfield>
  <controlfield tag="007">ta</controlfield>
  <controlfield tag="008">200327s        xx     d     r    |||| u|</controlfield>
  <datafield tag="035" ind1=" " ind2=" ">
   <subfield code="a">(iLib)UPCEB-00011919477</subfield>
  </datafield>
  <datafield tag="100" ind1="1" ind2=" ">
   <subfield code="a">Bishop, D. V. M.</subfield>
  </datafield>
  <datafield tag="245" ind1="0" ind2="4">
   <subfield code="a">Using mismatch negativity to study central auditory processing in developmental language and literacy impairments</subfield>
   <subfield code="b">where are we, and where should we be going?  [article].</subfield>
  </datafield>
  <datafield tag="300" ind1=" " ind2=" ">
   <subfield code="a">pp. 651-672</subfield>
  </datafield>
  <datafield tag="520" ind1=" " ind2=" ">
   <subfield code="a">A popular theoretical account of developmental language and literacy disorders implicates poor auditory temporal processing in their etiology, but evidence from studies using behavioral measures has yielded inconsistent results. The mismatch negativity (MMN) component of the auditory event-related potential has been recommended as an alternative, relatively objective, measure of the brain's ability to discriminate sounds that is suitable for children with limited attention or motivation. A literature search revealed 26 studies of the MMN in individuals with dyslexia or specific language impairment and 4 studies of infants or children at familial risk of these disorders. Findings were highly inconsistent. Overall, attenuation of the MMN and atypical lateralization in the clinical group were most likely to be found in studies using rapidly presented stimuli, including nonverbal sounds. The MMN literature offers tentative support for the hypothesis that auditory temporal processing is impaired in language and literacy disorders, but the field is plagued by methodological inconsistencies, low reliability of measures, and low statistical power. The article concludes with recommendations for improving this state of affairs. --  (from the author)</subfield>
  </datafield>
  <datafield tag="650" ind1="1" ind2="7">
   <subfield code="a">Mismatch negativity.</subfield>
  </datafield>
  <datafield tag="650" ind1="1" ind2="7">
   <subfield code="a">Dyslexia.</subfield>
  </datafield>
  <datafield tag="650" ind1="1" ind2="7">
   <subfield code="a">Specific language impairment.</subfield>
  </datafield>
  <datafield tag="650" ind1="1" ind2="7">
   <subfield code="a">Speech perception.</subfield>
  </datafield>
  <datafield tag="650" ind1="1" ind2="7">
   <subfield code="a">Auditory processing.</subfield>
  </datafield>
  <datafield tag="773" ind1="0" ind2=" ">
   <subfield code="a">Psychological Bulletin.</subfield>
   <subfield code="g">vol. 133,  4.  2007.</subfield>
  </datafield>
  <datafield tag="942" ind1=" " ind2=" ">
   <subfield code="a">Analytics</subfield>
  </datafield>
 </record>
</collection>
